Normal view
MARC view
Entry Personal Name
001 - CONTROL NUMBER
- control field: 34965
003 - CONTROL NUMBER IDENTIFIER
- control field: ARRUPE
005 - DATE AND TIME OF LATEST TRANSACTION
- control field: 20170822093803.0
008 - FIXED-LENGTH DATA ELEMENTS
- fixed length control field: 170822|| aca||aabn | a|a d
040 ## - CATALOGING SOURCE
- Original cataloging agency: ARRUPE
- Transcribing agency: ARRUPE
100 ## - HEADING--PERSONAL NAME
- Personal name: Myers, Barbara Kimes
670 ## - SOURCE DATA FOUND
- Source citation: Work cat.: (ARRUPE): Myers, Barbara Kimes, Engaging in transcendence, 1992